The emerging global consensus on climate change and human mobility / (Record no. 57747)

MARC details
000 -LEADER
fixed length control field 02867nam\a2200349\a\4500
001 - CONTROL NUMBER
control field 57747
005 - DATE AND TIME OF LATEST TRANSACTION
control field 20260406120604.0
008 - FIXED-LENGTH DATA ELEMENTS--GENERAL INFORMATION
fixed length control field 260406t20202021nyu b 001 0 eng
020 ## - INTERNATIONAL STANDARD BOOK NUMBER
ISBN 9781138097186
Qualifying information (Hardback)
020 ## - INTERNATIONAL STANDARD BOOK NUMBER
Cancelled/invalid ISBN 9781315105031
Qualifying information (eBook)
040 ## - CATALOGING SOURCE
Original cataloging agency DLC
Language of cataloging eng
Transcribing agency DLC
Description conventions rda
Modifying agency BD-DhIUB
082 00 - DEWEY DECIMAL CLASSIFICATION NUMBER
Classification number 304.2
Edition number 23
Item number N247e
100 1# - MAIN ENTRY--PERSONAL NAME
Personal name Naser, Mostafa Mahmud,
Relator term author.
245 14 - TITLE STATEMENT
Title The emerging global consensus on climate change and human mobility /
Statement of responsibility, etc Mostafa M Naser.
250 ## - EDITION STATEMENT
Edition statement First Edition.
260 ## - PUBLICATION, DISTRIBUTION, ETC. (IMPRINT)
Place of publication, distribution, etc New York:
Name of publisher, distributor, etc Routledge
Date of publication, distribution, etc 2021
263 ## - PROJECTED PUBLICATION DATE
Projected publication date 2012
300 ## - PHYSICAL DESCRIPTION
Extent pages cm.
490 0# - SERIES STATEMENT
Series statement Routledge focus on environment & sustainability
504 ## - BIBLIOGRAPHY, ETC. NOTE
Bibliography, etc Includes bibliographical references and index.
505 0# - FORMATTED CONTENTS NOTE
Formatted contents note Climate change and human mobility: A conceptual framework -- Climate change and human mobility: Recognition and protection in international law -- Emerging global consensus towards recognition and protection of climate change and human mobility -- Concluding remarks.
520 ## - SUMMARY, ETC.
Summary, etc "This book examines whether a global consensus is emerging on climate change and human mobility and presents evidence of a slow-moving but dynamic, step-by-step process of international policy development on climate-related mobility. Naser reviews the range of solutions offered to address climate-related mobility problems, such as extending the 1951 UN Refugee Convention, adopting an additional protocol to the UNFCCC or creating a new international treaty to support those facing climate-related migration and displacement problems. He examines the accumulating stock of international policies and initiatives relevant to climate-related mobility using a framework of six policy areas: human rights; refugees; climate change; disaster risk reduction; migration; and sustainable development. He uses this framework to define and summarise the main UN actions and milestones on climate-related mobility. Despite the difficult context affecting the global community of worsening climate change impacts and human rights under threat, Naser asserts that the foundations of global consensus on climate-related mobility have been built, particularly in the last decade. This book will be of great relevance to students, scholars and policymakers with an interest in the increasing interface between climate change and human mobility policy issues"--
526 ## - STUDY PROGRAM INFORMATION NOTE
School name School of Law
Department Law
Shelving Location Law
541 ## - IMMEDIATE SOURCE OF ACQUISITION NOTE
Source of acquisition Risaam
650 #0 - SUBJECT ADDED ENTRY--TOPICAL TERM
Topical term or geographic name as entry element Human geography
General subdivision Environmental aspects.
650 #0 - SUBJECT ADDED ENTRY--TOPICAL TERM
Topical term or geographic name as entry element Human beings
General subdivision Effect of environment on.
650 #0 - SUBJECT ADDED ENTRY--TOPICAL TERM
Topical term or geographic name as entry element Climatic changes.
710 2# - ADDED ENTRY--CORPORATE NAME
Corporate name or jurisdiction name as entry element Routledge (Firm)
776 08 - ADDITIONAL PHYSICAL FORM ENTRY
Display text Online version:
Main entry heading Naser, Mostafa M,
Title The emerging global consensus on climate change and human mobility
Edition First Edition.
Place, publisher, and date of publication New York : Routledge, 2020.
International Standard Book Number 9781315105031
Record control number (DLC) 2020029119
942 ## - ADDED ENTRY ELEMENTS (KOHA)
Source of classification or shelving scheme Dewey Decimal Classification
Koha item type Books
Holdings
Withdrawn status Lost status Source of classification or shelving scheme Damaged status Not for loan Home library Current library Shelving location Date acquired Source of acquisition Cost, normal purchase price Serial Enumeration / chronology Total Checkouts Full call number Barcode Date last seen Copy number Cost, replacement price Price effective from Koha item type
    Dewey Decimal Classification   Not For Loan Library, Independent University, Bangladesh (IUB) Library, Independent University, Bangladesh (IUB) Law 30/03/2026 Purchase 4390.00 2021   304.2 N247e 029623 06/04/2026 01 8780.00 30/03/2026 Books
    Dewey Decimal Classification   Not For Loan Library, Independent University, Bangladesh (IUB) Library, Independent University, Bangladesh (IUB) Law 30/03/2026 Purchase 4390.00 2021   304.2 N247e 029624 06/04/2026 02 8780.00 30/03/2026 Books